[Event "BL 8788 Bochum-HSV"]
[Site "?"]
[Date "1988.??.??"]
[Round "?.5"]
[White "Wegner, H."]
[Black "Beckemeyer, W."]
[Result "1/2-1/2"]
[WhiteElo "2370"]
[BlackElo "2335"]
[PlyCount "64"]
[EventDate "1988.??.??"]

1. d4 Nf6 2. Nf3 g6 3. c4 Bg7 4. Nc3 O-O 5. e4 d6 6. Be2 Nbd7 7. O-O e5 8. Re1
c6 9. Bf1 exd4 10. Nxd4 Qb6 11. Nb3 Qc7 12. Bf4 Ne5 13. Qd2 Nh5 14. Be3 Be6 15.
c5 dxc5 16. Nxc5 Bc4 17. Bxc4 Nxc4 18. Qe2 Nxe3 19. Qxe3 Rad8 20. Rad1 b6 21.
Nb3 Qf4 22. g3 Qxe3 23. Rxe3 Rxd1+ 24. Nxd1 Rd8 25. Nc3 c5 26. Re2 Bxc3 27.
bxc3 Rd3 28. Rc2 Nf6 29. Nd2 b5 30. Kf1 b4 31. cxb4 cxb4 32. Ke2 Rd6 1/2-1/2

[Event "BL 8788 Bochum-HSV"]
[Site "?"]
[Date "1988.??.??"]
[Round "?.6"]
[White "Backwinkel, P."]
[Black "Reefschlaeger, H."]
[Result "1/2-1/2"]
[WhiteElo "2310"]
[BlackElo "2340"]
[PlyCount "26"]
[EventDate "1988.??.??"]

1. d4 Nf6 2. c3 d5 3. Bg5 Nbd7 4. Nd2 b6 5. e3 Bb7 6. Ngf3 g6 7. Bxf6 exf6 8.
Bd3 Bd6 9. e4 O-O 10. O-O c5 11. exd5 Bxd5 12. Be4 Bxe4 13. Nxe4 Be7 1/2-1/2

[Event "BL 8788 Bochum-HSV"]
[Site "?"]
[Date "1988.??.??"]
[Round "?.7"]
[White "Maus, So"]
[Black "Wiemer, R."]
[Result "1-0"]
[WhiteElo "2375"]
[BlackElo "2290"]
[PlyCount "79"]
[EventDate "1988.??.??"]

1. e4 c5 2. Nf3 d6 3. d4 cxd4 4. Nxd4 Nf6 5. Nc3 Nc6 6. Bg5 e6 7. Qd2 Be7 8.
O-O-O O-O 9. Nb3 a6 10. Bxf6 gxf6 11. f4 Kh8 12. Bd3 Rg8 13. Rhg1 Bd7 14. Kb1
b5 15. g4 b4 16. Ne2 a5 17. Nbd4 Nxd4 18. Nxd4 Qb6 19. Nf3 Bb5 20. Bxb5 Qxb5
21. f5 Rac8 22. Rde1 Rc4 23. g5 fxg5 24. e5 Rf4 25. exd6 Rxf3 26. fxe6 Bf6 27.
e7 Rf5 28. d7 Bxe7 29. Rxe7 Rd5 30. Qf2 f5 31. Qa7 Re5 32. Rxh7+ Kxh7 33. d8=Q+
Rg7 34. Qxg7+ Kxg7 35. Rxg5+ Kf7 36. Qg8+ Ke7 37. Rg7+ Kd6 38. Qd8+ Kc5 39.
Rc7+ Kb6 40. Qb8+ 1-0

[Event "BL 8788 Bochum-HSV"]
[Site "?"]
[Date "1988.??.??"]
[Round "?.8"]
[White "Ueter, H."]
[Black "Michaelsen, N."]
[Result "0-1"]
[WhiteElo "2230"]
[BlackElo "2205"]
[PlyCount "87"]
[EventDate "1988.??.??"]

1. e4 c5 2. Nf3 Nc6 3. d4 cxd4 4. Nxd4 Nf6 5. Nc3 d6 6. Bg5 e6 7. Qd2 Be7 8.
O-O-O O-O 9. f4 h6 10. Bh4 e5 11. Nf5 Bxf5 12. exf5 exf4 13. Qxf4 d5 14. Bb5 a6
15. Ba4 b5 16. Bb3 d4 17. Qf3 Rc8 18. Kb1 Re8 19. Rhe1 Qc7 20. Rxe7 Nxe7 21.
Bxf6 gxf6 22. Rxd4 Qxh2 23. a3 Rc5 24. Rf4 Kf8 25. Ne4 Rc6 26. Ng3 Rd8 27. Qg4
Rd2 28. Nf1 Qh1 29. Qf3 Rxg2 30. Qd3 Rc8 31. Qd6 Rg1 32. Qd3 Kg7 33. Ka2 Rc5
34. Qe3 Re5 35. Qf2 a5 36. a4 bxa4 37. Bc4 Rg5 38. Ng3 Qh3 39. Ne4 Rg4 40. Nd6
Nd5 41. Rxg4+ Qxg4 42. Bxd5 Rxd5 43. Ne8+ Kf8 44. Nxf6 0-1

[Event "BL 8788 Solingen-Kreuzberg"]
[Site "?"]
[Date "1988.??.??"]
[Round "?.1"]
[White "Lehmann, K."]
[Black "Short, N."]
[Result "0-1"]
[WhiteElo "2315"]
[BlackElo "2620"]
[PlyCount "94"]
[EventDate "1988.??.??"]

1. e4 e6 2. d4 d5 3. Nd2 Nf6 4. e5 Nfd7 5. c3 c5 6. Bd3 b6 7. Ne2 Ba6 8. Bxa6
Nxa6 9. O-O b5 10. Nf3 Be7 11. Nf4 Nc7 12. a4 bxa4 13. Qxa4 O-O 14. b3 a5 15.
Ba3 Ra6 16. dxc5 Nxc5 17. Bxc5 Bxc5 18. Nh5 Be7 19. Qg4 g6 20. Nd4 Kh8 21. Nf4
Qb8 22. Qe2 Qb7 23. Ra4 Bc5 24. Qd2 Nb5 25. Nxb5 Qxb5 26. Qa2 Rfa8 27. Ra1 R6a7
28. g3 Bb6 29. Qb2 Bc7 30. Re1 Rb7 31. Ra3 Rab8 32. Re3 Bb6 33. Rf3 Bc5 34. Ra1
Kg8 35. Nd3 Be7 36. Qd2 Qxb3 37. Rxa5 Rc8 38. Nc1 Qc4 39. Ne2 Qc7 40. Qf4 Qxa5
41. Qxf7+ Kh8 42. Nf4 Rf8 43. Qxe6 Qb6 44. Qh3 g5 45. Nxd5 Qb1+ 46. Kg2 Qe4 47.
Nf6 Bxf6 0-1

[Event "BL 8788 Solingen-Kreuzberg"]
[Site "?"]
[Date "1988.??.??"]
[Round "?.2"]
[White "Lau, R."]
[Black "Levitt, J."]
[Result "1/2-1/2"]
[WhiteElo "2555"]
[BlackElo "2455"]
[PlyCount "24"]
[EventDate "1988.??.??"]

1. e4 e6 2. d3 c5 3. Nf3 Nc6 4. g3 g6 5. Bg2 Bg7 6. O-O Nge7 7. Re1 O-O 8. c3
e5 9. Nbd2 h6 10. a3 d5 11. Qc2 d4 12. cxd4 cxd4 1/2-1/2

[Event "BL 8788 Solingen-Kreuzberg"]
[Site "?"]
[Date "1988.??.??"]
[Round "?.3"]
[White "Conquest, S."]
[Black "Lobron, E."]
[Result "1-0"]
[WhiteElo "2395"]
[BlackElo "2530"]
[PlyCount "77"]
[EventDate "1988.??.??"]

1. d4 Nf6 2. c4 e6 3. Nc3 d5 4. cxd5 exd5 5. Bg5 Be7 6. e3 Nbd7 7. Bd3 c6 8.
Qc2 O-O 9. Nge2 Re8 10. O-O Nf8 11. f3 h6 12. Bh4 Ne6 13. Rad1 b5 14. Kh1 Bb7
15. Bf5 Ng5 16. Bg3 Bc8 17. Bd3 Bf8 18. Qd2 a5 19. Rc1 Ra7 20. Nd1 Bd7 21. Bb1
Nh5 22. Be5 g6 23. Nf2 Ng7 24. Nd3 N7e6 25. Bg3 h5 26. Ne5 Ra6 27. a4 Bb4 28.
Qd3 Nf8 29. axb5 cxb5 30. Nf4 Rd6 31. Bh4 Nfh7 32. Ba2 Bf5 33. Qxb5 Bd2 34. Rc7
Bxe3 35. Nxf7 Bd7 36. Qc5 Qxc7 37. Qxc7 Nxf7 38. Nxd5 Bxd4 39. Ne7+ 1-0

[Event "BL 8788 Solingen-Kreuzberg"]
[Site "?"]
[Date "1988.??.??"]
[Round "?.4"]
[White "Ostermeyer, P."]
[Black "Glienke, M."]
[Result "1/2-1/2"]
[WhiteElo "2450"]
[BlackElo "2305"]
[PlyCount "150"]
[EventDate "1988.??.??"]

1. e4 c5 2. Nf3 d6 3. c3 Nf6 4. Be2 Nbd7 5. d3 e6 6. O-O Be7 7. Bg5 b6 8. Nbd2
Bb7 9. Re1 O-O 10. Bf1 h6 11. Bh4 Nh5 12. Bxe7 Qxe7 13. d4 cxd4 14. cxd4 Rfc8
15. Qa4 Nhf6 16. Rac1 a6 17. Bd3 d5 18. e5 Nh7 19. h4 Nhf8 20. a3 Qd8 21. Rxc8
Rxc8 22. Qd1 Ng6 23. g3 Ne7 24. Qe2 Nb8 25. h5 Rc7 26. Kg2 Qc8 27. Rh1 a5 28.
Qe3 Rc1 29. Nb1 Rxh1 30. Kxh1 Ba6 31. Nc3 Bxd3 32. Qxd3 Qc6 33. Kg2 Nc8 34. Nb5
Nd7 35. g4 Nf8 36. a4 Qc1 37. Qc3 Qxc3 38. bxc3 Nd7 39. Ne1 f6 40. f4 fxe5 41.
fxe5 Kf7 42. Nd3 Nf8 43. Kf3 Ke7 44. Nf4 Kd7 45. Ke3 Nh7 46. Kd3 Ng5 47. c4
dxc4+ 48. Kxc4 Nf3 49. Ng2 Kc6 50. Nf4 Kd7 51. Kd3 {Abgabezug} Ne7 52. Ke4 Ng5+
53. Ke3 Nc6 54. Nd3 Ne7 55. Nc3 Nc6 56. Ne4 Nh3 57. Nc3 Ng5 58. d5 Nb4 59. d6
Nc2+ 60. Kf4 Nd4 61. Ne4 Ne2+ 62. Ke3 Nxe4 63. Kxe4 Nc3+ 64. Kd4 Nxa4 65. Nf4
Nc5 66. Ng6 a4 67. Kc3 a3 68. Nf4 b5 69. Ne2 Na6 70. Kb3 b4 71. Nc1 Kc6 72. Nd3
Kd7 73. Ka2 Kc6 74. Kb3 Kb6 75. Ka2 Kc6 1/2-1/2

[Event "BL 8788 Solingen-Kreuzberg"]
[Site "?"]
[Date "1988.??.??"]
[Round "?.5"]
[White "Grzesik, F."]
[Black "Schulte, O."]
[Result "1/2-1/2"]
[WhiteElo "2255"]
[BlackElo "2425"]
[PlyCount "36"]
[EventDate "1988.??.??"]

1. e4 c5 2. c3 d5 3. exd5 Qxd5 4. d4 Nf6 5. Nf3 Nc6 6. Be3 cxd4 7. cxd4 e6 8.
Nc3 Qd6 9. Bd3 Be7 10. a3 O-O 11. O-O Rd8 12. Qe2 b6 13. Rfd1 Bb7 14. Rac1 Rac8
15. h3 g6 16. Bb1 Qb8 17. Ba2 Rd7 18. d5 exd5 1/2-1/2

[Event "BL 8788 Solingen-Kreuzberg"]
[Site "?"]
[Date "1988.??.??"]
[Round "?.6"]
[White "Brunner, L."]
[Black "Grzesik, T."]
[Result "1-0"]
[WhiteElo "2440"]
[BlackElo "2300"]
[PlyCount "57"]
[EventDate "1988.??.??"]

1. c4 Nf6 2. Nc3 g6 3. e4 d6 4. d4 Bg7 5. Nf3 O-O 6. Be2 Nbd7 7. O-O e5 8. d5
Nc5 9. Qc2 a5 10. Bg5 h6 11. Be3 Qe7 12. Nd2 Bd7 13. b3 Nh7 14. a3 f5 15. f3
Nf6 16. b4 axb4 17. axb4 Na6 18. Qb3 Kh8 19. c5 Rfb8 20. Ra5 fxe4 21. Ncxe4
Nxe4 22. fxe4 Nxc5 23. Rxa8 Nxb3 24. Rxb8+ Kh7 25. Nxb3 Ba4 26. Nd2 c6 27. dxc6
Bxc6 28. Bc4 Qc7 29. Ra8 1-0

[Event "BL 8788 Solingen-Kreuzberg"]
[Site "?"]
[Date "1988.??.??"]
[Round "?.7"]
[White "Konieczka, F."]
[Black "Kavalek, L."]
[Result "1/2-1/2"]
[WhiteElo "2235"]
[BlackElo "2565"]
[PlyCount "46"]
[EventDate "1988.??.??"]

1. e4 Nf6 2. Nc3 d5 3. e5 d4 4. exf6 dxc3 5. Qh5 Qd6 6. dxc3 Qxf6 7. Be3 Qf5 8.
Qe2 Nc6 9. Nf3 e5 10. O-O-O Bd6 11. Kb1 O-O 12. g4 Qe4 13. h3 Be6 14. Rg1 Qa4
15. b3 Qa5 16. Bd2 Be7 17. Qb5 f6 18. Qxb7 Qb6 19. Qxb6 cxb6 20. Be3 Rac8 21.
Ba6 Rc7 22. Nd2 Na5 23. Kb2 f5 1/2-1/2

[Event "BL 8788 München 36-Wattenscheid"]
[Site "?"]
[Date "1988.??.??"]
[Round "?.2"]
[White "Nikolac, J."]
[Black "Sandkamp, R."]
[Result "1/2-1/2"]
[WhiteElo "2470"]
[BlackElo "2250"]
[PlyCount "102"]
[EventDate "1988.??.??"]

1. d4 Nf6 2. c4 g6 3. Nc3 Bg7 4. e4 d6 5. Bd3 O-O 6. Nge2 c5 7. d5 e6 8. Bg5 h6
9. Bh4 exd5 10. exd5 a6 11. O-O Nbd7 12. f4 Re8 13. a4 b6 14. Qc2 Nf8 15. Ne4
N8h7 16. N2g3 Qc7 17. Nxf6+ Nxf6 18. Rae1 Rxe1 19. Rxe1 Bb7 20. Ne4 Nd7 21. Nf2
Nf6 22. Bxf6 Bxf6 23. f5 g5 24. Ng4 Bd4+ 25. Kf1 h5 26. Nf2 Be5 27. Qe2 h4 28.
Ng4 f6 29. g3 hxg3 30. hxg3 Kg7 31. Kg2 Rh8 32. b3 Qf7 33. Nf2 Bc8 34. Be4 Bd7
35. Rh1 Rxh1 36. Nxh1 Qe8 37. Bd3 Qh8 38. Nf2 Be8 39. Qe4 Bh5 40. Be2 Bf7 41.
Nd3 Qe8 42. Bd1 Bd4 43. Qxe8 Bxe8 44. Bg4 b5 45. axb5 axb5 46. Bd1 Bd7 47. g4
Kf7 48. Kf3 Ke7 49. Ke4 Kd8 50. Ne1 Kc7 51. Be2 b4 1/2-1/2

[Event "BL 8788 München 36-Wattenscheid"]
[Site "?"]
[Date "1988.??.??"]
[Round "?.6"]
[White "Goetz, R."]
[Black "Hirsch, S."]
[Result "1/2-1/2"]
[WhiteElo "2325"]
[BlackElo "2240"]
[PlyCount "109"]
[EventDate "1988.??.??"]

1. e4 e5 2. Nf3 Nc6 3. Bc4 Bc5 4. c3 Nf6 5. d3 d6 6. b4 Bb6 7. a4 a6 8. O-O O-O
9. Bb3 Bg4 10. h3 Be6 11. Nbd2 Ba7 12. Nc4 h6 13. Re1 Re8 14. Bd2 b5 15. Ne3
Qc8 16. Nh4 Ne7 17. Bxe6 Qxe6 18. Ra3 Bb6 19. Qf3 a5 20. axb5 axb4 21. Rxa8
Rxa8 22. cxb4 Ra2 23. Nc4 Bd4 24. Qd1 d5 25. exd5 Qxd5 26. Nf3 Ng6 27. Qb3 Qa8
28. Nxd4 exd4 29. g3 Ra7 30. Na5 Qf3 31. Nc6 Rb7 32. Nxd4 Qh5 33. Kg2 Rb6 34.
Be3 Rd6 35. Qd1 Qe5 36. f4 Qd5+ 37. Qf3 Qa2+ 38. Re2 Qa1 39. Nb3 Qa4 40. Nc5
Qxb4 41. Qb7 Nd5 42. Bf2 Ngxf4+ 43. gxf4 Nxf4+ 44. Kf3 Nxe2 45. Kxe2 Qb2+ 46.
Kf1 Qc1+ 47. Ke2 Qc2+ 48. Ke1 Rf6 49. Qa8+ Kh7 50. Qe4+ Kg8 51. Qe8+ Kh7 52.
Qe4+ g6 53. Qe3 Qb1+ 54. Ke2 Qb2+ 55. Kf1 1/2-1/2

[Event "BL 8788 Bayern-Porz"]
[Site "?"]
[Date "1988.??.??"]
[Round "?.3"]
[White "Schoen, W."]
[Black "Hickl, J."]
[Result "1/2-1/2"]
[WhiteElo "2445"]
[BlackElo "2455"]
[PlyCount "68"]
[EventDate "1988.??.??"]

1. d4 d6 2. c4 e5 3. Nf3 e4 4. Ng5 f5 5. Nc3 h6 6. Nh3 g5 7. e3 Nf6 8. b4 Bg7
9. Be2 O-O 10. Qb3 Nc6 11. Ng1 Ne7 12. h4 g4 13. c5+ Kh8 14. g3 a5 15. Ba3 axb4
16. Bxb4 Nc6 17. cxd6 cxd6 18. Bc4 Nxb4 19. Qxb4 d5 20. Bb5 Rf7 21. Nge2 Bf8
22. Qb2 Qa5 23. a4 Rc7 24. O-O Be6 25. Rac1 Rac8 26. Na2 Bd6 27. Rxc7 Rxc7 28.
Rc1 Kg7 29. Kf1 Kf7 30. Rxc7+ Qxc7 31. Qc3 Ke7 32. Ke1 Qxc3+ 33. Naxc3 Bd7 34.
Kd1 Bb4 1/2-1/2

[Event "BL 8788 Bayern-Porz"]
[Site "?"]
[Date "1988.??.??"]
[Round "?.4"]
[White "Hecht, H."]
[Black "Fleck, J."]
[Result "1/2-1/2"]
[WhiteElo "2445"]
[BlackElo "2385"]
[PlyCount "56"]
[EventDate "1988.??.??"]

1. e4 c5 2. Nf3 d6 3. d4 cxd4 4. Nxd4 Nf6 5. Nc3 g6 6. h3 Bg7 7. Be3 O-O 8. Nb3
Nc6 9. Qd2 Be6 10. O-O-O a5 11. Nd4 a4 12. Nxe6 fxe6 13. a3 Qc8 14. Bc4 Na5 15.
Ba2 Nc4 16. Bxc4 Qxc4 17. Qd3 Qc6 18. f3 Nd7 19. Bd4 Ne5 20. Bxe5 Bxe5 21. Nb5
Ra5 22. Nd4 Bxd4 23. Qxd4 Rc5 24. c3 Qb5 25. Kb1 Rc4 26. Qd2 Qe5 27. Rhe1 b5
28. Re3 Kg7 1/2-1/2

[Event "BL 8788 Bayern-Porz"]
[Site "?"]
[Date "1988.??.??"]
[Round "?.5"]
[White "Schulz, K."]
[Black "Hertneck, G."]
[Result "0-1"]
[WhiteElo "2405"]
[BlackElo "2450"]
[PlyCount "62"]
[EventDate "1988.??.??"]

1. e4 e6 2. d4 d5 3. Nd2 Nf6 4. e5 Nfd7 5. c3 c5 6. Bd3 Nc6 7. Ne2 cxd4 8. cxd4
f6 9. exf6 Nxf6 10. Nf3 Qc7 11. O-O Bd6 12. g3 O-O 13. Bf4 Bd7 14. Bxd6 Qxd6
15. Nc3 Be8 16. Bb5 Bh5 17. Bxc6 bxc6 18. Qd3 Nd7 19. Ng5 Bg6 20. Qe3 e5 21.
dxe5 Qxe5 22. Qd2 d4 23. Ne2 h6 24. f4 Qd5 25. Nf3 c5 26. Qa5 Be4 27. Nd2 Bd3
28. Rf2 Rae8 29. Re1 Rf7 30. Nf1 Rfe7 31. Qd2 c4 0-1

[Event "BL 8788 Bayern-Porz"]
[Site "?"]
[Date "1988.??.??"]
[Round "?.6"]
[White "Stangl, M."]
[Black "Heinbuch, D."]
[Result "1/2-1/2"]
[WhiteElo "2375"]
[BlackElo "2380"]
[PlyCount "81"]
[EventDate "1988.??.??"]

1. Nf3 d5 2. d4 Nf6 3. c4 dxc4 4. Na3 c5 5. Nxc4 cxd4 6. Qxd4 Qxd4 7. Nxd4 Bd7
8. Ne5 e6 9. g3 Bc5 10. Nb3 Bb4+ 11. Bd2 Bxd2+ 12. Kxd2 Nc6 13. Nxd7 O-O-O 14.
e3 Rxd7+ 15. Ke2 Kb8 16. Bg2 Rc8 17. Rac1 Rdc7 18. Rhd1 Nb4 19. Rxc7 Rxc7 20.
a3 Rc2+ 21. Rd2 Rxd2+ 22. Nxd2 Nbd5 23. Nf3 Ne4 24. Ne5 Nd6 25. Kd3 Nf6 26. f4
Kc7 27. e4 h6 28. Bf3 Ng8 29. Bh5 g6 30. Bf3 h5 31. Kd4 Ne7 32. a4 f6 33. Nd3
Nc6+ 34. Kc3 e5 35. Nf2 Nd4 36. Bd1 Ne6 37. Bb3 Nc5 38. Bc2 Ne6 39. Bb3 Nc5 40.
Bc2 Ne6 41. Bb3 1/2-1/2

[Event "BL 8788 Bayern-Porz"]
[Site "?"]
[Date "1988.??.??"]
[Round "?.7"]
[White "Gerusel, M."]
[Black "Schlosser, P."]
[Result "1-0"]
[WhiteElo "2380"]
[BlackElo "2375"]
[PlyCount "61"]
[EventDate "1988.??.??"]

1. d4 Nf6 2. c4 e6 3. Nc3 Bb4 4. Qc2 O-O 5. Nf3 d6 6. Bd2 b6 7. e3 Bb7 8. Bd3
Nbd7 9. a3 Bxc3 10. Bxc3 Qe7 11. O-O Bxf3 12. gxf3 c5 13. dxc5 Nxc5 14. Be2 e5
15. Kh1 Nfd7 16. b4 Ne6 17. Rad1 Rad8 18. Qf5 Nf6 19. Rg1 g6 20. f4 Ng7 21. Qg5
Qe6 22. f3 h6 23. Qxh6 Nf5 24. Qh3 exf4 25. exf4 Kg7 26. Bd3 Rh8 27. Qxf5 Rxh2+
28. Kxh2 Rh8+ 29. Kg2 gxf5 30. Rde1 Qc8 31. Kf1+ 1-0

[Event "BL 8788 Bayern-Porz"]
[Site "?"]
[Date "1988.??.??"]
[Round "?.8"]
[White "Klundt, K."]
[Black "Garcia Palermo, C."]
[Result "1-0"]
[WhiteElo "2390"]
[BlackElo "2520"]
[PlyCount "101"]
[EventDate "1988.??.??"]

1. e4 c6 2. d4 d5 3. exd5 cxd5 4. c4 Nf6 5. Nc3 Nc6 6. Bg5 Qa5 7. Nf3 Be6 8. c5
Ne4 9. Bd2 Nxd2 10. Qxd2 g6 11. Bb5 Bg7 12. O-O Qc7 13. Rfe1 O-O 14. Re2 a6 15.
Ba4 b5 16. cxb6 Qxb6 17. Bxc6 Qxc6 18. Rae1 Rac8 19. h4 Qd6 20. Ng5 Qb6 21.
Rxe6 fxe6 22. Nxe6 Rf7 23. Nxd5 Qd6 24. Nc3 Rc4 25. Qe2 Rxd4 26. Nxd4 Bxd4 27.
Ne4 Qe5 28. Ng5 Qxe2 29. Rxe2 Rf5 30. g3 Ra5 31. b3 Bf6 32. Kg2 Bxg5 33. hxg5
Kf7 34. f4 Rc5 35. Kf3 Rc3+ 36. Kg4 Rc5 37. Rh2 Kg7 38. Rb2 a5 39. Re2 Rc7 40.
Re5 Ra7 41. a4 Kf7 42. Kf3 Rc7 43. Ke2 Rc3 44. Re3 Rc7 45. Kd2 e6 46. Re5 Ra7
47. Kc3 Ke7 48. Rb5 Kd6 49. Kd4 Ra8 50. Rb6+ Kd7 51. Ke5 1-0

[Event "BL 8788 Porz-München 36"]
[Site "?"]
[Date "1988.??.??"]
[Round "?.1"]
[White "Nikolac, J."]
[Black "Miles, A."]
[Result "1/2-1/2"]
[WhiteElo "2470"]
[BlackElo "2585"]
[PlyCount "130"]
[EventDate "1988.??.??"]

1. Nf3 Nf6 2. g3 d5 3. Bg2 c6 4. b3 Bg4 5. Bb2 Nbd7 6. d3 e6 7. Nbd2 Bc5 8. e4
O-O 9. O-O Qe7 10. a3 a5 11. Qe2 Bh5 12. Rfe1 dxe4 13. dxe4 e5 14. h3 Ne8 15.
Nc4 f6 16. Rad1 Nc7 17. c3 b5 18. Ne3 Qe6 19. Nf5 Rfd8 20. b4 axb4 21. cxb4 Bf8
22. Qe3 c5 23. Rc1 Nb6 24. Bf1 Nc4 25. Rxc4 bxc4 26. Rc1 Bf7 27. Bxc4 Qd7 28.
Bxe5 Bxc4 29. Bxc7 Qxc7 30. Rxc4 Qf7 31. Rc1 cxb4 32. axb4 Bxb4 33. e5 Re8 34.
Qe4 Bf8 35. Rc6 Re6 36. N5d4 Rxc6 37. Qxc6 Ra1+ 38. Kg2 fxe5 39. Nxe5 Qa2 40.
Ndf3 Rd1 41. Nc4 Qa7 42. Nfe5 Qe7 43. g4 g6 44. Qa8 Qd8 45. Qf3 Qd5 46. Ne3
Qxf3+ 47. Kxf3 Ra1 48. g5 Be7 49. h4 Rh1 50. Kg3 Bd6 51. N3g4 Kf8 52. f4 Bxe5
53. fxe5 Kf7 54. Nf6 Ke6 55. Nxh7 Kxe5 56. Nf6 Kf5 57. Nd5 Re1 58. Kf3 Re8 59.
Ne3+ Ke6 60. Ng2 {Abgabezug} Ra8 61. h5 gxh5 62. Nf4+ Kf5 63. Nxh5 Ra3+ 64. Kf2
Kg4 65. Nf6+ Kxg5 1/2-1/2

[Event "BL 8788 Porz-München 36"]
[Site "?"]
[Date "1988.??.??"]
[Round "?.2"]
[White "Hort, V."]
[Black "Bastian, H."]
[Result "1/2-1/2"]
[WhiteElo "2570"]
[BlackElo "2335"]
[PlyCount "110"]
[EventDate "1988.??.??"]

1. e4 e5 2. Nf3 Nc6 3. Bc4 Bc5 4. d3 a6 5. c3 Nf6 6. O-O Ba7 7. Re1 d6 8. Bb3
h6 9. Nbd2 g5 10. Nf1 g4 11. N3d2 Nh5 12. Nc4 Qf6 13. Be3 Nf4 14. Bxa7 Rxa7 15.
Nce3 Ne7 16. d4 h5 17. Nd5 Nexd5 18. exd5 O-O 19. Ng3 Ra8 20. Qd2 Bd7 21. dxe5
dxe5 22. Ne4 Qg7 23. Nc5 Bf5 24. Bc2 Bxc2 25. Qxc2 b6 26. Nd3 Qg6 27. Rad1 Rfe8
28. c4 Rad8 29. Qc3 Nxd3 30. Rxd3 a5 31. g3 e4 32. Rd4 f5 33. c5 h4 34. gxh4
bxc5 35. Qxc5 Qf6 36. h5 Qe5 37. Rc4 Re7 38. Qxa5 Rxd5 39. Qa6 e3 40. Rxe3 Rd1+
41. Kg2 Qd5+ 42. Kg3 Rxe3+ 43. fxe3 Rg1+ 44. Kf4 Qf3+ 45. Kg5 Qxe3+ 46. Rf4 g3
47. Qc8+ Kf7 48. Qxf5+ Ke8 49. Qe4+ Qxe4 50. Rxe4+ Kf7 51. h4 Rb1 52. Rg4 Rxb2
53. Rxg3 Rxa2 54. Kh6 Ra4 55. Kh7 Rxh4 1/2-1/2

[Event "BL 8788 Porz-München 36"]
[Site "?"]
[Date "1988.??.??"]
[Round "?.3"]
[White "Kaiser, W."]
[Black "Schoen, W."]
[Result "1-0"]
[WhiteElo "2355"]
[BlackElo "2445"]
[PlyCount "77"]
[EventDate "1988.??.??"]

1. d4 Nf6 2. c4 c6 3. Nc3 d5 4. Nf3 dxc4 5. a4 Bf5 6. e3 e6 7. Bxc4 Bb4 8. O-O
O-O 9. Qb3 Qe7 10. a5 Nbd7 11. Ra4 Bd6 12. Qxb7 Bc2 13. Ra1 Rfc8 14. Qa6 e5 15.
Ng5 Bg6 16. f4 exf4 17. exf4 Ng4 18. h3 Nh6 19. Nf3 Nf5 20. Re1 Qd8 21. Bf1 Qc7
22. g4 Bxf4 23. gxf5 Bxf5 24. Bxf4 Qxf4 25. Qe2 Nf6 26. Bg2 Re8 27. Qf2 Rad8
28. Rxe8+ Nxe8 29. Nh4 Rxd4 30. Qxf4 Rxf4 31. Nxf5 Rxf5 32. Bxc6 Nf6 33. Rd1 h5
34. b4 Rf4 35. b5 Rc4 36. Nd5 Nxd5 37. Rxd5 a6 38. Rd8+ Kh7 39. bxa6 1-0

[Event "BL 8788 Porz-München 36"]
[Site "?"]
[Date "1988.??.??"]
[Round "?.5"]
[White "Pichler, J."]
[Black "Schulz, K."]
[Result "1-0"]
[WhiteElo "2320"]
[BlackElo "2405"]
[PlyCount "75"]
[EventDate "1988.??.??"]

1. d4 Nf6 2. Nf3 d5 3. g3 Bf5 4. Bg2 e6 5. c4 c6 6. Nc3 Nbd7 7. O-O Be7 8. Nd2
O-O 9. e4 dxe4 10. Ndxe4 Nxe4 11. Nxe4 Nf6 12. Nc3 Qb6 13. Qb3 Rfd8 14. Qxb6
axb6 15. b3 Bd3 16. Re1 Bb4 17. Bb2 Rxd4 18. Na4 Rdd8 19. Red1 Ba5 20. Rac1 Be2
21. Rd4 Rxd4 22. Bxd4 Nd7 23. Bc3 b5 24. cxb5 Bxb5 25. Rd1 Nf8 26. Bxa5 Rxa5
27. Nc3 Ba6 28. Bf1 Bxf1 29. Kxf1 f6 30. Rd8 Rc5 31. Ne4 Rc1+ 32. Kg2 Rc2 33.
a4 h6 34. a5 Ra2 35. b4 Rb2 36. Nc5 Kf7 37. Rb8 Rxb4 38. a6 1-0

[Event "BL 8788 Porz-München 36"]
[Site "?"]
[Date "1988.??.??"]
[Round "?.6"]
[White "Heinbuch, D."]
[Black "Goetz, R."]
[Result "1/2-1/2"]
[WhiteElo "2380"]
[BlackElo "2325"]
[PlyCount "100"]
[EventDate "1988.??.??"]

1. d4 Nf6 2. c4 e6 3. Nf3 Bb4+ 4. Nbd2 b6 5. a3 Bxd2+ 6. Qxd2 Bb7 7. e3 O-O 8.
Be2 d6 9. O-O Ne4 10. Qd3 f5 11. Nd2 Nxd2 12. Bxd2 Qh4 13. f3 Nd7 14. Be1 Qg5
15. b4 Rad8 16. a4 e5 17. d5 Nf6 18. f4 exf4 19. exf4 Qg6 20. Bh4 Rde8 21. Bxf6
Qxf6 22. Bf3 Re7 23. Rae1 Rfe8 24. Rxe7 Rxe7 25. Qd2 Ba6 26. Rc1 Kf8 27. g3 Kg8
28. Kf2 Qh6 29. h4 Qf6 30. Qc3 Qxc3 31. Rxc3 Kf8 32. Be2 g6 33. h5 Kg7 34. hxg6
hxg6 35. Bd3 Bb7 36. Be2 Ba6 37. Re3 Kf6 38. Rxe7 Kxe7 39. Ke3 Bc8 40. a5 Bd7
41. Bf3 Kf6 42. Kd4 Ke7 43. Be2 Ba4 44. Kc3 Bd7 45. Bd1 Kf6 46. Kd4 Ke7 47. Bb3
Be8 48. Ke3 Kf6 49. Kd3 Ke7 50. Kd4 Bd7 1/2-1/2

[Event "BL 8788 Porz-München 36"]
[Site "?"]
[Date "1988.??.??"]
[Round "?.7"]
[White "Gerusel, M."]
[Black "Koepf, U."]
[Result "1-0"]
[WhiteElo "2380"]
[BlackElo "2230"]
[PlyCount "105"]
[EventDate "1988.??.??"]

1. Nf3 d5 2. d4 Nf6 3. g3 c6 4. Nbd2 g6 5. Bg2 Bg7 6. O-O Nbd7 7. c4 O-O 8. b3
Ne4 9. Bb2 f5 10. cxd5 cxd5 11. Qc2 e6 12. Rac1 Re8 13. Qc7 Qe7 14. Nxe4 dxe4
15. Ne5 Nxe5 16. dxe5 Bh6 17. e3 Bg5 18. Rfd1 Rd8 19. Rd6 Rd7 20. Qc3 b5 21.
Qc6 Rb7 22. h4 Bh6 23. Rcd1 Bf8 24. Rd8 Rbb8 25. Re8 Bb7 26. Rxe7 Bxc6 27. Rxe6
Rc8 28. Bf1 a6 29. h5 Be8 30. hxg6 hxg6 31. Rc1 Rxc1 32. Bxc1 Kf7 33. Rf6+ Kg7
34. Bb2 Be7 35. Rb6 Kf7 36. Bd4 Bd7 37. Be2 Be6 38. Kg2 Bd5 39. a4 Bxb3 40.
axb5 axb5 41. Rxb5 Be6 42. Rb7 Rd8 43. Bc5 Rd7 44. Rxd7 Bxd7 45. Bb6 Ke6 46.
Bc7 Kd5 47. Bd1 Kc4 48. g4 fxg4 49. Kg3 Kd3 50. Bxg4 Bxg4 51. Kxg4 Ke2 52. Bd6
Bd8 53. Kg3 1-0

[Event "BL 8788 Porz-München 36"]
[Site "?"]
[Date "1988.??.??"]
[Round "?.8"]
[White "Garcia Palermo, C."]
[Black "Schmidt, G."]
[Result "0-1"]
[WhiteElo "2520"]
[BlackElo "2255"]
[PlyCount "74"]
[EventDate "1988.??.??"]

1. d4 d5 2. c4 e6 3. Nf3 Be7 4. Nc3 Nf6 5. Bg5 O-O 6. e3 h6 7. Bh4 Ne4 8. Bxe7
Qxe7 9. Rc1 c6 10. Bd3 Nxc3 11. Rxc3 Nd7 12. O-O dxc4 13. Bxc4 e5 14. dxe5 Nxe5
15. Nxe5 Qxe5 16. f4 Qe4 17. Qe2 Kh8 18. a3 Bf5 19. Bd3 Qe6 20. e4 Rfe8 21. Re1
Bh7 22. Qf2 a6 23. Bc4 Qd7 24. e5 Red8 25. h3 Bf5 26. Rce3 b5 27. Bf1 c5 28. g4
Be6 29. f5 Bd5 30. Rd3 Qe7 31. Red1 Bb7 32. Rxd8+ Rxd8 33. f6 gxf6 34. exf6 Qf8
35. Rxd8 Qxd8 36. Qxc5 Kg8 37. Qe5 Qb6+ 0-1

[Event "BL 8788 Wattenscheid-Bayern"]
[Site "?"]
[Date "1988.??.??"]
[Round "?.2"]
[White "Sandkamp, R."]
[Black "Kindermann, S."]
[Result "0-1"]
[WhiteElo "2250"]
[BlackElo "2490"]
[PlyCount "62"]
[EventDate "1988.??.??"]

1. e4 c5 2. Nf3 e6 3. d3 d5 4. Nbd2 Nc6 5. g3 g6 6. Bg2 Bg7 7. O-O Nge7 8. Re1
b6 9. h4 h6 10. e5 g5 11. hxg5 hxg5 12. Nxg5 Nxe5 13. Ndf3 N7c6 14. c3 Ng6 15.
d4 cxd4 16. cxd4 Bf6 17. Nh3 Qd7 18. Nf4 Nge7 19. Ne5 Bxe5 20. dxe5 Bb7 21. b3
O-O-O 22. a4 Kb8 23. Bd2 d4 24. Nd3 Nd5 25. b4 Nc3 26. Qc2 f6 27. exf6 Qh7 28.
f3 e5 29. b5 Rdg8 30. g4 Rxg4 31. Bxc3 Qh1+ 0-1

[Event "BL 8788 Wattenscheid-Bayern"]
[Site "?"]
[Date "1988.??.??"]
[Round "?.5"]
[White "Hertneck, G."]
[Black "Franke, J."]
[Result "1/2-1/2"]
[WhiteElo "2450"]
[BlackElo "2220"]
[PlyCount "108"]
[EventDate "1988.??.??"]

1. c4 Nf6 2. d4 c5 3. d5 e5 4. Nc3 d6 5. g3 g6 6. Bg2 Bg7 7. e4 Na6 8. Nge2 Nc7
9. a3 O-O 10. b4 Nd7 11. Be3 b6 12. O-O Ba6 13. Qd3 Qe7 14. f3 f5 15. Bh3 Rae8
16. Rab1 Bc8 17. Qc2 Nf6 18. bxc5 bxc5 19. Bg2 fxe4 20. Nxe4 Nxe4 21. fxe4 Qd7
22. Nc3 Ba6 23. Nd1 Rxf1+ 24. Bxf1 Ra8 25. Nf2 Qe8 26. Bd2 Bc8 27. Rb3 Na6 28.
Qb2 h6 29. Be2 Kh7 30. Rb7 Bxb7 31. Qxb7 Qc8 32. Qb3 Rb8 33. Qa4 Rb2 34. Bg4
Qf8 35. Be1 h5 36. Nd3 Rb1 37. Be2 Bh6 38. Kg2 Be3 39. Bf3 Nb8 40. Qxa7+ Kh6
41. Qa4 g5 42. Qc2 g4 43. Bd1 Ra1 44. Qe2 Bd4 45. Qd2+ Kg6 46. a4 Nd7 47. a5
Nf6 48. Qc2 Qb8 49. Qe2 Qb7 50. h4 Qb8 51. Bc2 Nh7 52. Bd2 Qf8 53. Ne1 Ra3 54.
Bd3 Ra1 {Abgabezug} 1/2-1/2